[Event "Ch URS"]
[Site "masterchessopen.com Riga (Latvia)"]
[Round "8"]
[White "Averbakh Yuri L (RUS)"]
[Black "Borisenko Georgy K (UZB)"]
[Result "1-0"]
[WhiteElo "2445"]
[BlackElo "2354"]

1.e4 e5 2.Nf3 Nc6 3.Bb5 a6 4.Ba4 Nf6 5.O-O Be7 6.Re1 b5 7.Bb3 d6 8.c3 O-O 9.h3
Na5 10.Bc2 c5 11.d4 Bb7 12.Nbd2 cxd4 13.cxd4 Nc6 14.a3 Nxd4 15.Nxd4 exd4
16.Nf3 d5 17.e5 Ne4 18.Nxd4 Rc8 19.Nf5 Bc5 20.Bxe4 dxe4 21.b4 Ba7 22.Qg4 g6
23.Be3 Bxe3 24.fxe3 Qd2 25.Ne7+ Kg7 26.Nxc8 Rxc8 27.Red1 Rc3 28.Rdc1 Rxe3
29.Kh2 h6 30.Qf4 Qd3 31.h4 h5 32.Re1 {#r} 1-0

[Event "Ch URS"]
[Site "masterchessopen.com Riga (Latvia)"]
[Round "14"]
[White "Tal Mikhail N (LAT)"]
[Black "Geller Efim P (RUS)"]
[Result "1-0"]
[WhiteElo "2520"]
[BlackElo "2455"]

1.e4 e5 2.Nf3 Nc6 3.Bb5 a6 4.Ba4 Nf6 5.O-O Be7 6.Re1 b5 7.Bb3 O-O 8.c3 d6 9.h3
Na5 10.Bc2 c5 11.d4 Bb7 12.b4 cxb4 13.cxb4 Nc4 14.Nbd2 d5 15.exd5 exd4 ( { ? }
15...Nxd5 16.Nxc4 bxc4 17.Nxe5 Nxb4 18.Nxc4 Nxc2 19.Qxc2 Rc8 20.Qd3 { ? } )
16.Nxc4 bxc4 17.Qxd4 Bxb4 ( 17...Nxd5 18.Qe4 g6 19.Bh6 Re8 20.Ba4 Nc3 21.Qxb7
Nxa4 22.Qc6 { ± } ) ( 17...Bxd5 18.Ne5 { ? Tal } ) 18.Rb1 { ! } 18...Bxe1 (
18...Nxd5 19.Bxh7+ Kxh7 20.Ng5+ Kg8 21.Qh4 Nf6 22.Rxb4 { +?? } ) 19.Rxb7 Re8 (
19...Qxd5 { !? } 20.Qxd5 Nxd5 21.Nxe1 Rab8 22.Rxb8 Rxb8 ) 20.d6 Qc8 21.Bg5 {
!? } 21...Re2 { ! } ( 21...Qxb7 22.Bxf6 gxf6 23.Qh4 Bxf2+ 24.Kxf2 Qb6+ 25.Nd4
Qxd6 26.Qxh7+ Kf8 27.Qh6+ { +?? Tal } ) 22.Rc7 Qe6 23.Nxe1 Rxe1+ 24.Kh2 Rd8 {
! } 25.Bxf6 gxf6 { ?? } ( 25...Qxf6 26.Qxf6 gxf6 27.d7 Kg7 ( 27...Kf8 { ? }
28.Bxh7 Re2 29.Kg3 Rxa2 30.Bf5 ) 28.Bf5 Re5 29.Rc8 Rxf5 30.Rxd8 Rd5 { = Tal }
) 26.Re7 Qxd6+ 27.Qxd6 Rxd6 28.Rxe1 Rd2 29.Rc1 Rxf2 30.Be4 Rxa2 31.Rxc4 a5
32.Rc8+ Kg7 33.Rc7 {#r} 1-0

[Event "Ch Ukraine"]
[Site "masterchessopen.com Kiev (Ukraine)"]
[Round "13"]
[White "Savon Vladimir A (UKR)"]
[Black "Usachyi Mark (UKR)"]
[Result "1-0"]
[WhiteElo "2443"]
[BlackElo "2196"]

1.e4 e5 2.Nf3 Nc6 3.Bb5 a6 4.Ba4 Nf6 5.O-O Be7 6.Re1 b5 7.Bb3 O-O 8.c3 d6 9.h3
Na5 10.Bc2 c5 11.d4 cxd4 12.cxd4 Nc6 13.Nbd2 Bb7 14.Nf1 Nxd4 15.Nxd4 exd4
16.Ng3 d5 17.e5 Ne4 18.Nxe4 dxe4 19.Bxe4 Bxe4 20.Rxe4 Bc5 21.Qh5 g6 22.Qh6 f6
23.Bd2 Rf7 24.exf6 Qxf6 25.Rf4 Qe6 26.Rxf7 Qxf7 27.Rc1 Bd6 28.Qh4 Qd5 29.Qg4
Rf8 30.Rc8 Qe5 31.Rxf8+ Bxf8 32.Qc8 Qe2 33.Bb4 {#r} 1-0

[Event "Izt"]
[Site "masterchessopen.com Madrid (Spain)"]
[Round "0"]
[White "Giustolisi Alberto (ITA)"]
[Black "Durao Joaquim (POR)"]
[Result "1-0"]
[WhiteElo "2270"]
[BlackElo "1914"]

1.e4 e5 2.Nf3 Nc6 3.Bb5 a6 4.Ba4 Nf6 5.O-O Be7 6.Re1 b5 7.Bb3 d6 8.c3 O-O 9.h3
Na5 10.Bc2 c5 11.d3 Qc7 12.Nbd2 Bd7 13.Nf1 Rfc8 14.Ne3 g6 15.d4 cxd4 16.cxd4
Bf8 17.Bd2 Nc6 18.dxe5 dxe5 19.Rc1 Nd4 20.Bc3 Nxf3+ 21.Qxf3 Bg7 22.Bb3 Bc6
23.Nd5 Nxd5 24.exd5 Bb7 25.Qe3 Re8 26.f4 Bh6 27.Bxe5 Qxe5 28.Qxe5 Rxe5 29.fxe5
Bxc1 30.Rxc1 Rd8 31.Kf2 Rd7 32.Rc5 Kg7 33.Ke3 {#r} 1-0

[Event "Ch Europe (team) (qual)"]
[Site "masterchessopen.com Bad Pyrmont (Germany)"]
[Round "4"]
[White "Schmid Lothar (GER)"]
[Black "Castagna Renzo (SUI)"]
[Result "1-0"]
[WhiteElo "2530"]
[BlackElo "2060"]

1.e4 e5 2.Nf3 Nc6 3.Bb5 a6 4.Ba4 Nf6 5.O-O Be7 6.Re1 b5 7.Bb3 d6 8.c3 O-O 9.h3
Na5 10.Bc2 c5 11.d4 Bb7 12.Nbd2 cxd4 13.cxd4 Nc6 14.a3 Nd7 15.d5 Ncb8 16.b4
Nb6 17.Nb3 f5 18.Na5 Bc8 19.exf5 Bxf5 20.Bxf5 Rxf5 21.Qd3 Qf8 22.Be3 Bd8
23.Nd2 Qf7 24.Nb7 Qxb7 25.Qxf5 Qxd5 26.Bxb6 Bxb6 27.Qc8+ Kf7 28.Ne4 Ke7
29.Rad1 Qc6 30.Nxd6 {#r} 1-0

[Event "Olympiad (w)"]
[Site "masterchessopen.com Split (Croatia)"]
[Round "14"]
[White "Teodorescu Margareta (ROM)"]
[Black "Elder Nancy"]
[Result "1-0"]
[WhiteElo "2052"]
[BlackElo "1830"]

1.e4 e5 2.Nf3 Nc6 3.Bb5 a6 4.Ba4 Nf6 5.O-O Be7 6.Re1 b5 7.Bb3 O-O 8.c3 d6 9.h3
Na5 10.Bc2 c5 11.d4 cxd4 12.cxd4 exd4 13.Nxd4 h6 14.Nd2 Bb7 15.Nf5 Nc6 16.Nf1
Ne5 17.N1g3 Kh7 18.Nxe7 Qxe7 19.f4 Ng6 20.Nf5 Qc7 21.Nxd6 Rad8 22.e5 Ne8 23.f5
Nh8 24.f6+ Ng6 25.fxg7 Nxg7 26.Qd2 h5 27.Qh6+ Kg8 28.Nxb7 Qxb7 29.Bg5 Qb6+
30.Kh1 Rc8 31.Bf6 Ne8 32.Bxg6 {#r} 1-0

[Event "?"]
[Site "masterchessopen.com Polanica Zdroj (Poland)"]
[Round "10"]
[White "Velimirovic Dragoljub (SRB)"]
[Black "Witkowski Stefan (POL)"]
[Result "1-0"]
[WhiteElo "2407"]
[BlackElo "2178"]

1.e4 e5 2.Nf3 Nc6 3.Bb5 a6 4.Ba4 Nf6 5.O-O Be7 6.Re1 b5 7.Bb3 O-O 8.c3 d6 9.h3
Na5 10.Bc2 c5 11.d4 Nd7 12.Nbd2 Bf6 13.a4 Bb7 14.d5 c4 15.b4 cxb3 16.Nxb3 Nxb3
17.Bxb3 Qc7 18.Ba3 bxa4 19.Bxa4 Nc5 20.Rb1 Rfb8 21.Re2 Bc8 22.Bxc5 Qxc5 23.Bc6
Qxc3 24.Bxa8 Rxa8 25.Qa4 Kf8 26.Rc2 Bd7 27.Qa2 Qd3 28.Rc4 Rc8 29.Rxc8+ Bxc8
30.Rb8 {#r} 1-0

[Event "Ch Bulgaria"]
[Site "masterchessopen.com Sofia (Bulgaria)"]
[Date "1964.03.03"]
[Round "3"]
[White "Padevsky Nikola (BUL)"]
[Black "Neikirkh Oleg N (BUL)"]
[Result "1-0"]
[WhiteElo "2355"]
[BlackElo "2370"]

1.e4 e5 2.Nf3 Nc6 3.Bb5 a6 4.Ba4 Nf6 5.O-O Be7 6.Re1 b5 7.Bb3 d6 8.c3 O-O 9.h3
Na5 10.Bc2 c5 11.d4 Nd7 12.Nbd2 cxd4 13.cxd4 Nc6 14.Nb3 a5 15.Be3 a4 16.Nbd2
Bf6 17.Nf1 exd4 18.Nxd4 Nxd4 19.Bxd4 Ne5 20.Ne3 Bb7 21.Qd2 Rc8 22.Rad1 Bg5
23.Bb1 Nc4 24.Qb4 Bxe3 25.Bxe3 Re8 26.Qxb5 Bxe4 27.Bg5 f6 28.Bxe4 fxg5 29.Bd5+
Kf8 30.Rxe8+ Qxe8 31.Bxc4 {#r} 1-0

[Event "Ch Great Britain"]
[Site "masterchessopen.com Hastings (England)"]
[Round "5"]
[White "Aitken James"]
[Black "Toothill John (ENG)"]
[Result "1-0"]
[WhiteElo "2200"]
[BlackElo "2151"]

1.e4 e5 2.Nf3 Nc6 3.Bb5 a6 4.Ba4 Nf6 5.O-O Be7 6.Re1 b5 7.Bb3 d6 8.c3 O-O 9.h3
Na5 10.Bc2 c5 11.d4 cxd4 12.cxd4 Nc6 13.Nc3 Bb7 14.d5 Nb8 15.Nh4 g6 16.Bh6 Re8
17.Nf3 Nh5 18.Qd2 Nd7 19.Ne2 Rc8 20.g4 Ng7 21.a4 b4 22.a5 Rc5 23.Ba4 f5
24.gxf5 gxf5 25.Kh2 Bf6 26.Rg1 fxe4 27.Nh4 Kh8 28.Rxg7 Bxg7 29.Bxg7+ Kxg7
30.Rg1+ Kf7 31.Qh6 Re7 32.Qg7+ Ke8 33.Qg8# 1-0

[Event "Tournament"]
[Site "masterchessopen.com Novi Sad (Yugoslavia)"]
[Round "4"]
[White "Damjanovic Mato (CRO)"]
[Black "Djurovic Dejan (SRB)"]
[Result "1-0"]
[WhiteElo "2303"]
[BlackElo "2305"]

1.e4 e5 2.Nf3 Nc6 3.Bb5 a6 4.Ba4 Nf6 5.O-O Be7 6.Re1 b5 7.Bb3 d6 8.c3 O-O 9.h3
Na5 10.Bc2 c5 11.d3 Qc7 12.Nbd2 Re8 13.Nf1 Bd7 14.Ne3 g6 15.Bd2 Nc6 16.a4 Bf8
17.Bb3 Na5 18.Bd5 Bc6 19.Bxc6 Nxc6 20.Nh2 Ne7 21.Neg4 Nh5 22.axb5 axb5 23.Qf3
f5 24.Rxa8 Rxa8 25.exf5 Qc6 26.fxg6 hxg6 27.Nf6+ Kh8 28.Ne4 Bg7 29.Nxd6 {#r}
1-0

[Event "It \"]
[Site "masterchessopen.com Beverwijk (Netherlands)"]
[Round "2"]
[White "Van Den Berg Carel B (NED)"]
[Black "Langeweg Kick (NED)"]
[Result "1-0"]
[WhiteElo "2410"]
[BlackElo "2309"]

1.e4 e5 2.Nf3 Nc6 3.Bb5 a6 4.Ba4 Nf6 5.O-O Be7 6.Re1 b5 7.Bb3 d6 8.c3 O-O 9.h3
Na5 10.Bc2 c6 11.d4 Qc7 12.Nbd2 Re8 13.Nf1 h6 14.Ng3 Bf8 15.Nh2 c5 16.dxc5
Qxc5 17.b4 {#r} 1-0

[Event "?"]
[Site "masterchessopen.com Polanica Zdroj (Poland)"]
[Round "12"]
[White "Filipowicz Andrzej (POL)"]
[Black "Lengyel Levente (HUN)"]
[Result "0-1"]
[WhiteElo "2330"]
[BlackElo "2293"]

1.e4 e5 2.Nf3 Nc6 3.Bb5 a6 4.Ba4 Nf6 5.O-O Be7 6.Re1 b5 7.Bb3 d6 8.c3 O-O 9.h3
Na5 10.Bc2 c5 11.d4 Nd7 12.Nbd2 cxd4 13.cxd4 Nc6 14.a3 exd4 15.Nb3 Nde5
16.Nfxd4 Nxd4 17.Nxd4 Bf6 18.Bd2 Nd3 19.Nc6 Nxf2 20.Qf3 Nxh3+ 21.Kh2 Be5+
22.Nxe5 dxe5 23.Rad1 Nf4 24.g3 Ne6 25.Bc3 Qg5 26.Bb3 Qh6+ 27.Kg1 Ng5 28.Qe2
Qh3 29.Rd3 Bg4 30.Qg2 Qh5 31.Ree3 Rad8 32.Bd5 Rd6 33.Kf2 Rf6+ 34.Ke1 Nf3+ {#R}
0-1

[Event "Ch France"]
[Site "masterchessopen.com Grenoble (France)"]
[Date "1966.09.03"]
[Round "1"]
[White "Vacca Georges (FRA)"]
[Black "Caminade Christian (FRA)"]
[Result "1-0"]
[WhiteElo "2011"]
[BlackElo "2135"]

1.e4 e5 2.Nf3 Nc6 3.Bb5 a6 4.Ba4 Nf6 5.O-O Be7 6.Re1 b5 7.Bb3 d6 8.c3 O-O 9.h3
Na5 10.Bc2 c5 11.d4 Bb7 12.Nbd2 cxd4 13.cxd4 Rc8 14.Nf1 d5 15.dxe5 Nxe4 16.Ne3
Bc5 17.Re2 Qb6 18.Qe1 d4 19.Nf5 d3 20.Bxd3 Nxf2 21.Rxf2 Rfe8 22.Nd6 Bxd6
23.exd6 Qxd6 24.Bf5 Qg3 25.Re2 Rxc1 26.Rxc1 {#r} 1-0

[Event "Ch France"]
[Site "masterchessopen.com Dieppe (France)"]
[Date "1967.09.10"]
[Round "9"]
[White "Mazzoni Guy (FRA)"]
[Black "Caminade Christian (FRA)"]
[Result "0-1"]
[WhiteElo "2191"]
[BlackElo "2135"]

1.e4 e5 2.Nf3 Nc6 3.Bb5 a6 4.Ba4 Nf6 5.O-O Be7 6.Re1 b5 7.Bb3 d6 8.c3 O-O 9.h3
Na5 10.Bc2 c5 11.d4 Bb7 12.d5 Bc8 13.Nbd2 c4 14.Nf1 Nb7 15.Ng3 g6 16.Bh6 Re8
17.Nh2 Nc5 18.b4 cxb3 19.axb3 Kh8 20.b4 Ncd7 21.Qf3 Ng8 22.Ng4 Nb6 23.Bd3 Bxg4
{#R} 0-1

[Event "Training game"]
[Site "masterchessopen.com Zurich (Switzerland)"]
[Round "0"]
[White "Keres Paul (EST)"]
[Black "Glauser Hansruedi (SUI)"]
[Result "1-0"]
[WhiteElo "2580"]
[BlackElo "2142"]

1.e4 e5 2.Nf3 Nc6 3.Bb5 a6 4.Ba4 Nf6 5.O-O Be7 6.Re1 b5 7.Bb3 d6 8.c3 O-O 9.h3
Na5 10.Bc2 c5 11.d4 Nd7 12.Nbd2 cxd4 13.cxd4 Nc6 14.Nb3 a5 15.Be3 Nb6 16.dxe5
Nxe5 17.Nbd4 Bd7 18.b3 Bf6 19.Rc1 Re8 20.Bb1 Rc8 21.Qd2 b4 22.Red1 Rc3 23.Nxe5
dxe5 24.Ne2 Rxc1 25.Qxc1 Nc8 26.Ng3 g6 27.Rd5 Ne7 28.Rd6 Nc8 29.Rd2 Re7 30.Rd5
Qe8 31.Qd2 {#r} 1-0

[Event "Ch Netherlands"]
[Site "masterchessopen.com Leeuwarden (Netherlands)"]
[Round "9"]
[White "De Ruiter Tom (NED)"]
[Black "Zuidema Coen (NED)"]
[Result "0-1"]
[WhiteElo "2118"]
[BlackElo "2450"]

1.e4 e5 2.Nf3 Nc6 3.Bb5 a6 4.Ba4 Nf6 5.O-O Be7 6.Re1 b5 7.Bb3 d6 8.c3 O-O 9.h3
Na5 10.Bc2 c5 11.d4 Nd7 12.dxe5 dxe5 13.Nbd2 f6 14.Nf1 Nb6 15.Qe2 Be6 16.b3
Qc7 17.g4 c4 18.b4 Nc6 19.Be3 a5 20.a3 Ra6 21.a4 axb4 22.axb5 Rxa1 23.Rxa1 Na7
24.Ra6 Rb8 25.cxb4 Bxb4 26.Ba4 Nac8 27.g5 Bxh3 28.Ng3 Bg4 29.Bc2 fxg5 30.Nf5
h6 31.Bc1 Qd7 32.Qe3 Qxb5 33.Nxe5 Qxe5 {#R} 0-1

[Event "Match \"]
[Site "masterchessopen.com Schwedt (Germany)"]
[Date "1969.12.11"]
[Round "2"]
[White "Kapengut Albert Z (BLR)"]
[Black "Hennings Artur (GER)"]
[Result "1-0"]
[WhiteElo "2402"]
[BlackElo "2260"]

1.e4 e5 2.Nf3 Nc6 3.Bb5 a6 4.Ba4 Nf6 5.O-O Be7 6.Re1 b5 7.Bb3 d6 8.c3 O-O 9.h3
Na5 10.Bc2 c5 11.d4 cxd4 12.cxd4 Bb7 13.d5 Rc8 14.b3 Qc7 15.Bd3 Bxd5 16.exd5
e4 17.Bd2 exf3 18.Bxa5 Qxa5 19.Rxe7 Nxd5 20.Re4 fxg2 21.Rd4 Rc5 22.Nd2 Qc3
23.Bxh7+ Kxh7 24.Ne4 Ne3 25.Nxc3 Nxd1 26.Nxd1 Re8 27.Ne3 {#r} 1-0

[Event "It (open)"]
[Site "masterchessopen.com Chicago (USA)"]
[Round "0"]
[White "Evans Larry M (USA)"]
[Black "Karklins Andrew (USA)"]
[Result "0-1"]
[WhiteElo "2470"]
[BlackElo "2205"]

1.e4 e5 2.Nf3 Nc6 3.Bb5 a6 4.Ba4 Nf6 5.O-O Be7 6.Re1 b5 7.Bb3 d6 8.c3 O-O 9.h3
Na5 10.Bc2 c5 11.d4 Nd7 12.Nbd2 cxd4 13.cxd4 Nc6 14.Nf1 exd4 15.Nxd4 Nxd4
16.Qxd4 Ne5 17.Ne3 Bxh3 18.Nf5 Bxf5 19.exf5 Bf6 20.Qf4 Rc8 21.Be4 Re8 22.Be3
Rc4 23.f3 {#R} 0-1

[Event "Olympiad"]
[Site "masterchessopen.com Skopje (Macedonia)"]
[Round "13"]
[White "Gonda Gentaro (JPN)"]
[Black "Saren Ilkka J (FIN)"]
[Result "0-1"]
[WhiteElo "2078"]
[BlackElo "2184"]

1.e4 e5 2.Nf3 Nc6 3.Bb5 a6 4.Ba4 Nf6 5.O-O b5 6.Bb3 Be7 7.Re1 d6 8.c3 O-O 9.h3
Na5 10.Bc2 c5 11.d4 Nd7 12.Nbd2 cxd4 13.cxd4 Nc6 14.Nf1 exd4 15.Nxd4 Nxd4
16.Qxd4 Ne5 17.Ne3 Bxh3 18.Qd1 Be6 19.b3 Bf6 20.Rb1 Nc6 21.Nd5 Bxd5 22.Qxd5
Nb4 23.Qd1 Rc8 {#R} 0-1

[Event "Olympiad"]
[Site "masterchessopen.com Skopje (Macedonia)"]
[Round "4"]
[White "Palmer Bernard (IRL)"]
[Black "Siaperas Triantafyllos (GRE)"]
[Result "0-1"]
[WhiteElo "2006"]
[BlackElo "2385"]

1.e4 e5 2.Nf3 Nc6 3.Bb5 a6 4.Ba4 Nf6 5.O-O b5 6.Bb3 Be7 7.Re1 d6 8.c3 O-O 9.h3
Na5 10.Bc2 c5 11.d3 Nc6 12.Nbd2 Qc7 13.Nf1 d5 14.exd5 Nxd5 15.d4 exd4 16.cxd4
cxd4 17.Bxh7+ Kxh7 18.Rxe7 Ncxe7 19.Ng5+ Kg8 20.Qh5 Nf6 21.Qe2 Re8 22.Bd2 Bb7
23.Rc1 Qd7 24.Ng3 Nf5 25.Qd3 Qd5 26.Nf3 Nxg3 27.fxg3 Re4 {#R} 0-1

[Event "Ch Hungary"]
[Site "masterchessopen.com Budapest (Hungary)"]
[Round "0"]
[White "Dely Peter (HUN)"]
[Black "Lengyel Levente (HUN)"]
[Result "1-0"]
[WhiteElo "2480"]
[BlackElo "2450"]

1.e4 e5 2.Nf3 Nc6 3.Bb5 a6 4.Ba4 Nf6 5.O-O Be7 6.Re1 b5 7.Bb3 d6 8.c3 O-O 9.h3
Na5 10.Bc2 c5 11.d4 Nd7 12.Nbd2 cxd4 13.cxd4 Nc6 14.Nb3 a5 15.Be3 Nb6 16.dxe5
Nxe5 17.Nbd4 Nbc4 18.Nxe5 dxe5 19.Nxb5 Nxe3 20.Rxe3 Bc5 21.Rf3 Be6 22.Qe2 Qb6
23.a4 Rfd8 24.Rd1 Rxd1+ 25.Bxd1 Rd8 26.Bc2 h6 27.Kh2 Rd7 28.Nc3 Qxb2 29.Nd5
Rb7 30.Qa6 Ra7 31.Qc6 Qxc2 32.Nf6+ {#r} 1-0

[Event "Ch USA"]
[Site "masterchessopen.com El Paso (USA)"]
[Round "6"]
[White "Gilden Lawrence C (USA)"]
[Black "Karklins Andrew (USA)"]
[Result "1-0"]
[WhiteElo "2300"]
[BlackElo "2205"]

1.e4 e5 2.Nf3 Nc6 3.Bb5 a6 4.Ba4 Nf6 5.O-O Be7 6.Re1 b5 7.Bb3 d6 8.c3 O-O 9.h3
Na5 10.Bc2 c5 11.d4 Nd7 12.dxe5 dxe5 13.Nbd2 f6 14.Nh4 Re8 15.Nf5 Bf8 16.h4 g6
17.Ne3 Nb6 18.h5 Ra7 19.Qf3 Bh6 20.Ndf1 Rg7 21.Nd5 Nxd5 22.Bxh6 Nf4 23.Bxf4
exf4 24.h6 Rf7 25.Qxf4 Be6 26.Rad1 Qc8 27.Ne3 g5 28.Qd6 c4 29.Nf5 Nc6 30.Ng7
Rd7 31.Qc5 Ree7 32.e5 fxe5 33.Be4 Rc7 34.Bxc6 {#r} 1-0

[Event "It"]
[Site "masterchessopen.com Los Angeles (USA)"]
[Round "5"]
[White "Weinstein Norman (USA)"]
[Black "Lengyel Laszlo (HUN)"]
[Result "1-0"]
[WhiteElo "2450"]
[BlackElo "2088"]

1.e4 e5 2.Nf3 Nc6 3.Bb5 a6 4.Ba4 Nf6 5.O-O Be7 6.Re1 b5 7.Bb3 d6 8.c3 O-O 9.h3
Na5 10.Bc2 c5 11.d4 Nd7 12.Nbd2 cxd4 13.cxd4 Nc6 14.Nb3 a5 15.Be3 Nb6 16.dxe5
Nxe5 17.Nbd4 Nbc4 18.Bc1 Nxf3+ 19.Qxf3 Qb6 20.Nf5 Bxf5 21.Qxf5 g6 22.Qf3 Rac8
23.Qe2 Bf6 24.Bd3 Rfe8 25.a4 d5 26.axb5 Qxb5 27.Qf3 Bg7 28.Re2 Qb3 29.Bf4 Nxb2
30.Ba6 Nd3 31.Rf1 Rc3 32.Bd2 Nc5 33.Bxc3 Bxc3 34.exd5 Rf8 {#r} 1-0

[Event "Ch DDR (w)"]
[Site "masterchessopen.com Potsdam (Germany)"]
[Round "11"]
[White "Domsgen Christina (GER)"]
[Black "Heintze Marion (GER)"]
[Result "1-0"]
[WhiteElo "2100"]
[BlackElo "2235"]

1.e4 e5 2.Nf3 Nc6 3.Bb5 a6 4.Ba4 Nf6 5.O-O b5 6.Bb3 Be7 7.Re1 O-O 8.h3 d6 9.c3
Na5 10.Bc2 Nd7 11.d4 Bf6 12.Nbd2 Bb7 13.Nf1 Re8 14.Ng3 g6 15.Nh2 Bg7 16.Ng4
Qh4 17.b3 Nf6 18.Nh2 Nd7 19.Nf3 Qe7 20.Bg5 f6 21.Be3 c5 22.Nh2 Nc6 23.dxe5
dxe5 24.Qg4 Kh8 25.Rad1 Rad8 26.Qh4 Nf8 27.Ng4 Bc8 28.Rd5 Ne6 29.Red1 g5
30.Qh5 Nf4 31.Bxf4 exf4 32.e5 f5 33.Nxf5 {#r} 1-0

[Event "Ch USA"]
[Site "masterchessopen.com Oberlin (USA)"]
[Round "8"]
[White "Peters John A (USA)"]
[Black "Lombardy William J (USA)"]
[Result "1-0"]
[WhiteElo "2363"]
[BlackElo "2515"]

1.e4 e5 2.Nf3 Nc6 3.Bb5 a6 4.Ba4 Nf6 5.O-O Be7 6.Re1 b5 7.Bb3 O-O 8.c3 d6 9.h3
Na5 10.Bc2 c6 11.d4 Qc7 12.Nbd2 h6 13.b3 Re8 14.Bb2 Bf8 15.Bd3 c5 16.Nf1 d5
17.dxe5 dxe4 18.exf6 Bb7 19.fxg7 Bxg7 20.Bc2 exf3 21.Qd3 Nc6 22.Ng3 Re5
23.Qh7+ Kf8 24.Nf5 Rxf5 25.Qxf5 Ne7 26.Qg4 fxg2 27.Be4 Nd5 28.Qf3 Rd8 29.Rad1
Qd6 30.Re2 c4 {#r} 1-0

[Event "Ch World (juniors) (under 20)"]
[Site "masterchessopen.com Shiene (Norway)"]
[Round "0"]
[White "Lau Ralf (GER)"]
[Black "Toshkov Tihomir (BUL)"]
[Result "1-0"]
[WhiteElo "2440"]
[BlackElo "2455"]

1.e4 e5 2.Nf3 Nc6 3.Bb5 a6 4.Ba4 Nf6 5.O-O Be7 6.Re1 b5 7.Bb3 d6 8.c3 O-O 9.h3
Na5 10.Bc2 c5 11.d4 Nd7 12.Nbd2 cxd4 13.cxd4 Nc6 14.Nb3 a5 15.Bd3 Ba6 16.d5
Nb4 17.Bf1 a4 18.Nbd4 exd4 19.a3 Nc2 20.Qxc2 Bf6 21.Bf4 Rc8 22.Qd2 Nc5 23.Rad1
Re8 24.Nxd4 Rxe4 25.Rxe4 Nxe4 26.Qb4 Bxd4 27.Qxd4 Nc5 28.Re1 h6 29.Re3 f6
30.Rg3 Kf7 31.Be2 Rc7 32.Bh5+ Kf8 33.Bxh6 gxh6 34.Qg4 {#r} 1-0

[Event "Bundesliga 1980/81"]
[Site "masterchessopen.com Germany"]
[Round "0"]
[White "Zieher Hartmut (GER)"]
[Black "Pioch Thomas (GER)"]
[Result "0-1"]
[WhiteElo "2239"]
[BlackElo "2216"]

1.e4 e5 2.Nf3 Nc6 3.Bb5 a6 4.Ba4 Nf6 5.O-O Be7 6.Re1 b5 7.Bb3 O-O 8.c3 d6 9.h3
Na5 10.Bc2 c5 11.d4 Nd7 12.Nbd2 cxd4 13.cxd4 Nc6 14.Nf1 exd4 15.Nxd4 Nxd4
16.Qxd4 Ne5 17.Ne3 Bxh3 18.f4 Nc6 19.Qc3 Bd7 20.Nd5 Rc8 21.b3 Ne5 22.Qd2 Ng4
23.Qd3 Bh4 24.Re2 f5 25.Ba3 b4 26.Nxb4 Qb6+ 27.Kh1 Nf2+ 28.Rxf2 Qxf2 29.Qxd6
Rf6 30.Qxd7 Rh6 31.Qxc8+ Bd8# 0-1

[Event "Ch Great Britain"]
[Site "masterchessopen.com Southport (England)"]
[Round "10"]
[White "Large Peter G (ENG)"]
[Black "Littlewood Paul E (ENG)"]
[Result "0-1"]
[WhiteElo "2335"]
[BlackElo "2465"]

1.e4 e5 2.Nf3 Nc6 3.Bb5 a6 4.Ba4 Nf6 5.O-O Be7 6.Re1 b5 7.Bb3 O-O 8.c3 d6 9.h3
Na5 10.Bc2 c5 11.d4 cxd4 12.cxd4 Bb7 13.Nbd2 Rc8 14.Nf1 d5 15.exd5 exd4
16.Nxd4 Nxd5 17.Ng3 Bf6 18.Ngf5 Nb4 19.Be4 Bxe4 20.Rxe4 Nc2 21.Qg4 Nxa1 22.Bh6
g6 23.Bxf8 Kxf8 24.Nh6 Rc1+ 25.Kh2 Rc4 26.Ne6+ fxe6 27.Qxe6 Kg7 28.Re3 Kxh6
29.Rf3 Rc6 {#R} 0-1

[Event "Ch Armenia"]
[Site "masterchessopen.com Yerevan (Armenia)"]
[Round "0"]
[White "Petrossian Armen (FRA)"]
[Black "Khalikian Hovik (ARM)"]
[Result "1-0"]
[WhiteElo "2453"]
[BlackElo "2370"]

1.e4 e5 2.Nf3 Nc6 3.Bb5 a6 4.Ba4 Nf6 5.O-O Be7 6.Re1 b5 7.Bb3 d6 8.c3 O-O 9.h3
Na5 10.Bc2 c5 11.d4 Nd7 12.Nbd2 cxd4 13.cxd4 Nc6 14.Nf1 exd4 15.Nxd4 Nxd4
16.Qxd4 Nc5 17.Ne3 Bf6 18.Qd1 Bb7 19.Nf5 d5 20.e5 Be7 21.Qg4 g6 22.Nxe7+ Qxe7
23.Bg5 Qd7 24.Qh4 Rfc8 25.Bf6 Ne6 26.Bd3 Qe8 27.Rad1 Rc6 28.b3 Rc3 29.f4 Nc5
30.e6 Rxd3 31.Rxd3 fxe6 32.Rc3 Rc8 33.Rec1 Ne4 34.Rc7 {#r} 1-0

[Event "It (open)"]
[Site "masterchessopen.com Holon (Israel)"]
[Round "0"]
[White "Liberzon Vladimir M (ISR)"]
[Black "Alterman Vladimir I (ISR)"]
[Result "1-0"]
[WhiteElo "2410"]
[BlackElo "2357"]

1.e4 e5 2.Nf3 Nc6 3.Bb5 a6 4.Ba4 Nf6 5.O-O Be7 6.Re1 b5 7.Bb3 d6 8.c3 O-O 9.h3
Na5 10.Bc2 c5 11.d4 Re8 12.Nbd2 Bf8 13.Nf1 exd4 14.cxd4 cxd4 15.Ng3 Bb7
16.Nxd4 d5 17.Bg5 h6 18.Bxf6 Qxf6 19.Nh5 Qb6 20.e5 Kh8 21.Qd3 g6 22.e6 Re7
23.exf7 Re4 24.Qg3 Bd6 25.Rxe4 dxe4 26.Qe3 Bf8 27.Nf4 Nc4 28.Qc3 b4 29.Qxc4
Rc8 30.Nde6 Kh7 31.Nxf8+ Rxf8 32.Ne6 {#r} 1-0

[Event "Ch World (juniors) (under 20)"]
[Site "masterchessopen.com Baguio (Philippines)"]
[Round "0"]
[White "Butt Sabih Alam (PAK)"]
[Black "Oparaugo Thomas (NGR)"]
[Result "1-0"]
[WhiteElo "2295"]
[BlackElo "2109"]

1.e4 e5 2.Nf3 Nc6 3.Bb5 a6 4.Ba4 Nf6 5.O-O Be7 6.Re1 b5 7.Bb3 d6 8.c3 O-O 9.h3
Na5 10.Bc2 c5 11.d4 Nd7 12.Nbd2 cxd4 13.cxd4 Nc6 14.d5 Nb4 15.Bb1 a5 16.a3 Na6
17.b4 axb4 18.axb4 Nb6 19.Qb3 f5 20.Bd3 Nc7 21.Rxa8 Nbxa8 22.Nxe5 dxe5 23.d6+
Be6 24.dxe7 Qxe7 25.Qc3 f4 26.Nf3 Na6 27.Bxb5 Qxb4 28.Qd3 N6c7 29.Bc6 Nb6
30.Bd2 {#r} 1-0

[Event "?"]
[Site "masterchessopen.com Berlin (Germany)"]
[Round "4"]
[White "Bokelbrink Uwe (GER)"]
[Black "Lalic Bogdan (ENG)"]
[Result "0-1"]
[WhiteElo "2306"]
[BlackElo "2456"]

1.e4 e5 2.Nf3 Nc6 3.Bb5 a6 4.Ba4 Nf6 5.O-O Be7 6.Re1 b5 7.Bb3 d6 8.c3 O-O 9.h3
Na5 10.Bc2 c5 11.d4 Re8 12.Nbd2 Bf8 13.Nf1 cxd4 14.cxd4 exd4 15.Nxd4 Bb7
16.Ng3 g6 17.a4 b4 18.Bg5 h6 19.Bf4 Rc8 20.Rc1 d5 21.e5 Ne4 22.f3 Qh4 23.Nge2
Nf2 24.g3 Nxd1 25.gxh4 Nxb2 26.Rb1 Nbc4 27.e6 Na3 28.exf7+ Kxf7 29.Rbc1 Nxc2
30.Nxc2 Nb3 {#R} 0-1

[Event "Bundesliga 1987/88 (2nd)"]
[Site "masterchessopen.com Germany"]
[Round "0"]
[White "Ernst Thomas (SWE)"]
[Black "Gschnitzer Oswald (GER)"]
[Result "1-0"]
[WhiteElo "2450"]
[BlackElo "2456"]

1.e4 e5 2.Nf3 Nc6 3.Bb5 a6 4.Ba4 Nf6 5.O-O Be7 6.Re1 b5 7.Bb3 d6 8.c3 O-O 9.h3
Na5 10.Bc2 c5 11.d4 Nd7 12.Nbd2 cxd4 13.cxd4 Nc6 14.Nb3 Bf6 15.Be3 exd4
16.Nbxd4 Nde5 17.Nxe5 Nxe5 18.b3 Bb7 19.Rc1 Ng6 20.Nf5 Bb2 21.Rb1 Be5 22.Qg4
Rc8 23.Re2 Ne7 24.Rd1 Nxf5 25.Qxf5 Qe7 26.f4 g6 27.Qg4 Bg7 28.f5 gxf5 29.exf5
Rfe8 30.Bd4 Qf8 31.Rxe8 {#r} 1-0

[Event "?"]
[Site "masterchessopen.com Germany"]
[Round "0"]
[White "Bauer Peter (HUN)"]
[Black "Neunhoeffer Helmut Dr (GER)"]
[Result "1-0"]
[WhiteElo "1949"]
[BlackElo "2279"]

1.e4 e5 2.Nf3 Nc6 3.Bb5 a6 4.Ba4 Nf6 5.O-O Be7 6.Re1 b5 7.Bb3 d6 8.c3 O-O 9.h3
Na5 10.Bc2 c5 11.d4 Nd7 12.dxc5 dxc5 13.Nbd2 f6 14.Nf1 Nb6 15.Qe2 Be6 16.b3
Qc7 17.Ne3 Rfd8 18.Nh4 g6 19.Ng4 Nc6 20.Qf3 Rf8 21.Qg3 b4 22.Bh6 Rf7 23.f4 Kh8
24.f5 gxf5 25.exf5 Bd7 26.Ng6+ hxg6 27.fxg6 Kg8 28.gxf7+ Kxf7 29.Bg6+ Ke6
30.Rad1 bxc3 31.Nxe5 {#r} 1-0